| 000 | 00431nam a22001697a 4500 | ||
|---|---|---|---|
| 003 | MACL | ||
| 005 | 20211001152502.0 | ||
| 008 | 211001b |||||||| |||| 00| 0 eng d | ||
| 040 | _cMACL | ||
| 082 | _a920/UPA | ||
| 100 |
_aTripathi,Satya Prakash Mani _981201 |
||
| 245 |
_aDEENDAYAL UPADHYAYA _bThe Man and His Mission |
||
| 260 |
_aDelhi _bAnkit Publications _c2016 |
||
| 300 | _ap195 | ||
| 650 | _aBiography | ||
| 942 |
_2ddc _cBK |
||
| 999 |
_c64466 _d64466 |
||